Statistics for World Countries and Capitals

Click here to take the quiz!

General Stats

  • This quiz has been taken 19 times
  • The average score is 314 of 392

Answer Stats

Answer% Correct
Albania
100%
Berlin
100%
Germany
100%
Iceland
100%
Madrid
100%
Spain
100%
Tallinn
100%
Algeria
93%
Amsterdam
93%
Andorra
93%
Andorra la Vella
93%
Ankara
93%
Armenia
93%
Athens
93%
Australia
93%
Austria
93%
Azerbaijan
93%
Bahamas
93%
Beijing
93%
Belarus
93%
Belgium
93%
Botswana
93%
Brasilia
93%
Brazil
93%
Brussels
93%
Budapest
93%
Bulgaria
93%
Cairo
93%
Canada
93%
Canberra
93%
Chad
93%
Chile
93%
China
93%
Croatia
93%
Czech Republic
93%
Dominican Republic
93%
Dublin
93%
Egypt
93%
Estonia
93%
Ethiopia
93%
Finland
93%
France
93%
Greece
93%
Guyana
93%
Helsinki
93%
Honduras
93%
Hungary
93%
India
93%
Indonesia
93%
Ireland
93%
Israel
93%
Italy
93%
Jakarta
93%
Japan
93%
Jerusalem
93%
Jordan
93%
Kenya
93%
Kiribati
93%
Kuala Lumpur
93%
Lisbon
93%
London
93%
Malaysia
93%
Mali
93%
Malta
93%
Monaco
93%
Nepal
93%
Netherlands
93%
New Delhi
93%
North Korea
93%
North Macedonia
93%
Norway
93%
Oman
93%
Oslo
93%
Ottawa
93%
Panama
93%
Panama City
93%
Paris
93%
Peru
93%
Philippines
93%
Poland
93%
Portugal
93%
Prague
93%
Qatar
93%
Reykjavik
93%
Riga
93%
Romania
93%
Rome
93%
Rwanda
93%
Santiago
93%
Saudi Arabia
93%
Seoul
93%
Serbia
93%
Singapore
93%
Skopje
93%
Slovakia
93%
Slovenia
93%
Sofia
93%
Solomon Islands
93%
South Africa
93%
South Korea
93%
Sudan
93%
Syria
93%
Tirana
93%
Tokyo
93%
Tunis
93%
Tunisia
93%
Turkey
93%
United Kingdom
93%
United States of America
93%
Uzbekistan
93%
Vaduz
93%
Valletta
93%
Vanuatu
93%
Venezuela
93%
Vienna
93%
Vietnam
93%
Warsaw
93%
Washington D.C.
93%
Yemen
93%
Zagreb
93%
Zambia
93%
Zimbabwe
93%
Abu Dhabi
86%
Addis Ababa
86%
Angola
86%
Antigua and Barbuda
86%
Argentina
86%
Baghdad
86%
Baku
86%
Barbados
86%
Beirut
86%
Belgrade
86%
Belize
86%
Benin
86%
Bhutan
86%
Bogota
86%
Bolivia
86%
Bosnia and Herzegovina
86%
Bratislava
86%
Brunei
86%
Bucharest
86%
Buenos Aires
86%
Cambodia
86%
Cameroon
86%
Cape Verde
86%
Central African Republic
86%
Colombia
86%
Comoros
86%
Copenhagen
86%
Costa Rica
86%
Cyprus
86%
Denmark
86%
Dili
86%
Djibouti
86%
Doha
86%
Dominica
86%
D.R. Congo
86%
East Timor
86%
El Salvador
86%
Equatorial Guinea
86%
Eritrea
86%
Eswatini
86%
Fiji
86%
Ghana
86%
Grenada
86%
Guatemala
86%
Guatemala City
86%
Guinea
86%
Guinea-Bissau
86%
Hanoi
86%
Iran
86%
Iraq
86%
Jamaica
86%
Kazakhstan
86%
Kiev
86%
Kosovo
86%
Kuwait
86%
Kuwait City
86%
Kyrgyzstan
86%
Latvia
86%
Lebanon
86%
Liberia
86%
Libya
86%
Liechtenstein
86%
Lima
86%
Lithuania
86%
Ljubljana
86%
Luxembourg
86%
Maldives
86%
Manila
86%
Marshall Islands
86%
Mauritania
86%
Mauritius
86%
Moldova
86%
Mongolia
86%
Montevideo
86%
Morocco
86%
Moscow
86%
Mozambique
86%
Myanmar
86%
Namibia
86%
New Zealand
86%
Nicaragua
86%
Niger
86%
Nigeria
86%
Paraguay
86%
Pretoria, Cape Town, Bloemfontein
86%
Pyongyang
86%
Rabat
86%
Republic of the Congo
86%
Russia
86%
Sarajevo
86%
Senegal
86%
Seychelles
86%
Sierra Leone
86%
South Sudan
86%
Sri Lanka
86%
St. Kitts and Nevis
86%
St. Lucia
86%
Stockholm
86%
St. Vincent and the Grenadines
86%
Sweden
86%
Taiwan
86%
Tanzania
86%
Thailand
86%
Togo
86%
Tonga
86%
Tripoli
86%
Turkmenistan
86%
Tuvalu
86%
Ukraine
86%
United Arab Emirates
86%
Uruguay
86%
Vatican City
86%
Wellington
86%
Abuja
79%
Afghanistan
79%
Algiers
79%
Amman
79%
Bahrain
79%
Bangladesh
79%
Bissau
79%
Burkina Faso
79%
Caracas
79%
Chisinau
79%
Dhaka
79%
Ecuador
79%
Gabon
79%
Georgetown
79%
Georgia
79%
Harare
79%
Islamabad
79%
Ivory Coast
79%
Kabul
79%
Kathmandu
79%
Khartoum
79%
Kingston
79%
Kingstown
79%
Kinshasa
79%
Laos
79%
Lesotho
79%
Luanda
79%
Madagascar
79%
Malawi
79%
Male
79%
Mexico
79%
Mexico City
79%
Minsk
79%
Montenegro
79%
Muscat
79%
Nairobi
79%
Nassau
79%
Nicosia
79%
Nur-Sultan
79%
Pakistan
79%
Papua New Guinea
79%
Phnom Penh
79%
Podgorica
79%
Pristina
79%
Quito
79%
Riyadh
79%
Samoa
79%
Sana'a
79%
San Marino
79%
San Salvador
79%
Sao Tome
79%
Sao Tome and Principe
79%
Somalia
79%
Sucre/La Paz
79%
Suriname
79%
Switzerland
79%
Taipei
79%
Tajikistan
79%
Tashkent
79%
Tehran
79%
Trinidad and Tobago
79%
Uganda
79%
Ulaanbaatar
79%
Vilnius
79%
Windhoek
79%
Yerevan
79%
Bangkok
71%
Bern
71%
Bishkek
71%
Brazzaville
71%
Burundi
71%
Cuba
71%
Dakar
71%
Damascus
71%
Fed. States Micronesia
71%
Freetown
71%
Gambia
71%
Haiti
71%
Havana
71%
Manama
71%
Mogadishu
71%
Monrovia
71%
Palau
71%
Santo Domingo
71%
Tbilisi
71%
Vientiane
71%
Accra
64%
Asuncion
64%
Bandar Seri Begawan
64%
Belmopan
64%
Dushanbe
64%
Juba
64%
Kigali
64%
Managua
64%
Nauru
64%
Port-au-Prince
64%
Port Moresby
64%
Port of Spain
64%
Roseau
64%
San Jose
64%
Antananarivo
57%
Ashgabat
57%
Bridgetown
57%
Kampala
57%
Lusaka
57%
Paramaribo
57%
Port Vila
57%
St. George's
57%
St. John's
57%
Suva
57%
Tegucigalpa
57%
Thimphu
57%
Victoria
57%
Apia
50%
Asmara
50%
Bangui
50%
Funafuti
50%
Honiara
50%
Maputo
50%
Yaounde
50%
Bamako
43%
Banjul
43%
Basseterre
43%
Castries
43%
Conakry
43%
Dodoma
43%
Gaborone
43%
Libreville
43%
Lome
43%
Majuro
43%
Mbabane
43%
Moroni
43%
Naypyidaw
43%
N'Djamena
43%
Niamey
43%
Nouakchott
43%
Ouagadougou
43%
Port Louis
43%
Porto-Novo
43%
Praia
43%
Yaren
43%
Malabo
36%
Maseru
36%
Nuku'alofa
36%
Palikir
36%
South Tarawa
36%
Yamoussoukro
36%
Gitega
29%
Lilongwe
29%
Ngerulmud
29%
Sri Jayawardene Kotte
29%

Score Distribution

Percentile by Number Answered

Percent of People with Each Score

Your Score History

You have not taken this quiz